| 000 | 00558nam a2200217Ia 4500 | ||
|---|---|---|---|
| 008 | 180523s9999 xx 000 0 und d | ||
| 020 | _a81-7648-663-9 | ||
| 050 | _aMAIN HD 30.28 | ||
| 050 | _b.S53 2004 c.1 | ||
| 100 | _aSharma, Pankaj. | ||
| 245 | 0 | _aEnterprise resource planning / | |
| 245 | 0 | _cPankaj Sharma. | |
| 260 | _aNew Delhi : | ||
| 260 | _bAPH Publishing, | ||
| 260 | _c2004 | ||
| 300 | _a358 pages : | ||
| 300 | _c22 cm. | ||
| 500 | _aIncludes index. | ||
| 650 | _aBusiness planning. | ||
| 650 | _xManagement information systems. | ||
| 999 |
_c356820 _d356820 |
||